000 00361nam a22001217a 4500
008 170302b xxu||||| |||| 00| 0 eng d
020 _a0261-3875
050 _aK12.E3575(1988 Vol. 8)
245 _aLegal Studies. /
_cThe Journal of the Society of Public Teachers Law.
260 _aLondon.:
_bButterworths,
_c1988.
300 _aIV,348p.:
_c24cm.
942 _2lcc
_cBK
999 _c6310
_d13810